Limitation of actions in art and antiquity claims Part II (Record no. 66519)

MARC details
000 -LEADER
fixed length control field 01418cam a2200301 4500
001 - CONTROL NUMBER
control field ABS63622
008 - FIXED-LENGTH DATA ELEMENTS--GENERAL INFORMATION
fixed length control field 000000n2000 000 0 eng u
035 ## - SYSTEM CONTROL NUMBER
System control number (Sirsi) u111633
100 ## - MAIN ENTRY--PERSONAL NAME
Personal name Redmond-Cooper, R.
245 ## - TITLE STATEMENT
Title Limitation of actions in art and antiquity claims Part II
260 ## - PUBLICATION, DISTRIBUTION, ETC.
Date of publication, distribution, etc. 2000
490 ## - SERIES STATEMENT
Series statement Art Antiquity and Law
Volume/sequential designation 5(1) June 2000, 185-208(24)
520 ## - SUMMARY, ETC.
Summary, etc. Discusses the limitation periods that are applicable to claims in the tort of conversion and in bailment. Concludes there are many inconsistencies in the English law of limitation periods, and reform is well overdue. Also looks at the law of other jurisdictions, which affect claims for the recovery of stolen chattels. Describes the controversy that has surrounded the drafting of the Unidroit Convention. Suggests that any form of international or European Union harmonisation is unlikely to be achieved in this area. (For part I of this article see v4(4) December 1999 p323-346).
590 ## - LOCAL NOTE (RLIN)
Local note ABS
650 ## - SUBJECT ADDED ENTRY--TOPICAL TERM
Topical term or geographic name entry element WORKS OF ART
650 ## - SUBJECT ADDED ENTRY--TOPICAL TERM
Topical term or geographic name entry element ENGLISH LAW
650 ## - SUBJECT ADDED ENTRY--TOPICAL TERM
Topical term or geographic name entry element LIMITATION PERIODS
650 ## - SUBJECT ADDED ENTRY--TOPICAL TERM
Topical term or geographic name entry element TORT OF CONVERSION
650 ## - SUBJECT ADDED ENTRY--TOPICAL TERM
Topical term or geographic name entry element BAILMENT
650 ## - SUBJECT ADDED ENTRY--TOPICAL TERM
Topical term or geographic name entry element CHATTELS
650 ## - SUBJECT ADDED ENTRY--TOPICAL TERM
Topical term or geographic name entry element STOLEN ART
650 ## - SUBJECT ADDED ENTRY--TOPICAL TERM
Topical term or geographic name entry element STOLEN ANTIQUES
650 ## - SUBJECT ADDED ENTRY--TOPICAL TERM
Topical term or geographic name entry element CONVENTION ON STOLEN OR ILLEGALLY EXPORTED CULTURAL OBJECTS 1995
650 ## - SUBJECT ADDED ENTRY--TOPICAL TERM
Topical term or geographic name entry element EUROPEAN UNION
650 ## - SUBJECT ADDED ENTRY--TOPICAL TERM
Topical term or geographic name entry element HARMONISATION
690 ## - LOCAL SUBJECT ADDED ENTRY--TOPICAL TERM (OCLC, RLIN)
Topical term or geographic name as entry element Arts and antiques
9 (RLIN) 6217
942 ## - ADDED ENTRY ELEMENTS (KOHA)
Suppress in OPAC 0
Holdings
Withdrawn status Lost status Source of classification or shelving scheme Damaged status Not for loan Home library Current library Shelving location Date acquired Total Checkouts Full call number Barcode Date last seen Copy number Price effective from Koha item type
    Dewey Decimal Classification     London London Journal article 26/03/2001   ABS63622 111633-1001 06/08/2019 1 06/08/2019 Journal article